Normal view
MARC view
- فرويد،سيجموند ، علي،سامي محمود ، القفاش،عبد السلام/ترجمة ، زيور،مصطفى/مراجعة
Entry Personal Name
001 - CONTROL NUMBER
- control field: 13758
003 - CONTROL NUMBER IDENTIFIER
- control field: JO-AjAnu
005 - DATE AND TIME OF LATEST TRANSACTION
- control field: 20230606072511.0
008 - FIXED-LENGTH DATA ELEMENTS
- fixed length control field: 230606|| aca||aabn | a|a d
040 ## - CATALOGING SOURCE
- Original cataloging agency: JO-AjAnu
- Transcribing agency: JO-AjAnu
100 ## - HEADING--PERSONAL NAME
- Personal name: فرويد،سيجموند ، علي،سامي محمود ، القفاش،عبد السلام/ترجمة ، زيور،مصطفى/مراجعة
670 ## - SOURCE DATA FOUND
- Source citation: Work cat.: (JO-AjAnu)7076: فرويد،سيجموند ، علي،سامي محمود ، القفاش،عبد السلام/ترجمة ، زيور،مصطفى/مراجعة, author, الموجز في التحليل النفسي